000
00333nam a22001457a 4500
008
221108b ||||| |||| 00| 0 eng d
020
_a
9781413310238
041
_a
eng
080
_2
9TH EDITION
_a
004
082
_a
004
100
_a
19
101
_a
SHK
245
_a
THE EMPLOYER'S LEGAL HANDBOOK
_c
STEINGOLD F
942
_2
udc
_c
BK
999
_c
58781
_d
58781